[Event "Aragon-ch Seniors 65+"]
[Site "Zaragoza"]
[Date "2018.06.02"]
[Round "7"]
[White "Cervera Soler, Ramon"]
[Black "Obis Sanchez, Joaquin"]
[Result "1/2-1/2"]
[WhiteElo "1448"]
[BlackElo "1252"]
[PlyCount "107"]
[EventDate "2018.04.21"]
[EventType "swiss"]
[EventRounds "8"]
[EventCountry "ESP"]
[SourceTitle "EXT 2020"]
[Source "ChessBase"]
[SourceDate "2019.10.17"]
[SourceVersion "1"]
[SourceVersionDate "2019.10.17"]
[SourceQuality "1"]

1. c4 Nf6 2. Nc3 e6 3. d4 d5 4. c5 Nc6 5. Bg5 h6 6. Bh4 Be7 7. e3 a6 8. a3 e5 9. dxe5 Nxe5 10. Bxf6 Bxf6 11. Nxd5 0-0 12. Nxf6+ Qxf6 13. b4 a5 14. b5 Nd7 15. Rc1 Ne5 16. Be2 Be6 17. Nf3 Rfd8 18. Qc2 Bd5 19. e4 Nxf3+ 20. Bxf3 Qe5 21. 0-0 Be6 22. Rfd1 c6 23. b6 a4 24. h4 Bb3 25. Rxd8+ Rxd8 26. Qc3 Qxc3 27. Rxc3 Rd7 28. Bg4 Rd8 29. f4 Kf8 30. Re3 Ke7 31. Kf2 Rd2+ 32. Re2 Rd4 33. Bc8 Bc4 34. Re3 Ba6 35. Kf3 Kd8 36. Bh3 Bc4 37. g4 Rd1 38. Bg2 Rd2 39. g5 h5 40. f5 Bb3 41. e5 Bd5+ 42. Kf4 Bxg2 43. e6 fxe6 44. Rxe6 Rd7 45. Rd6 Ke7 46. Rxd7+ Kxd7 47. Ke5 Ke7 48. f6+ gxf6+ 49. gxf6+ Kf7 50. Kf5 Bh3+ 51. Ke5 Bf1 52. Kf5 Bc4 53. Kg5 Be2 54. Kf5 1/2-1/2